Khatm-E-Nabuwwat (Record no. 3710)

MARC details
000 -LEADER
fixed length control field 00589nam a2200241 a 4500
020 ## - INTERNATIONAL STANDARD BOOK NUMBER
ISBN
082 00 - DEWEY DECIMAL CLASSIFICATION NUMBER
Classification number 297.24
Author Cutter MAU
100 ## - MAIN ENTRY--AUTHOR NAME
Author name Maudoodi, Abul Aala
245 ## - TITLE STATEMENT
Title Khatm-E-Nabuwwat
260 ## - PUBLICATION, DISTRIBUTION, ETC. (IMPRINT)
Place of publication Hyderabad
Name of publisher Markazi Anjuman Taleemus Salat
Year of publication 1967
300 ## - PHYSICAL DESCRIPTION
Number of Pages 63p
500 ## - GENERAL NOTE
General note includes index and biblioraphy
505 2# - FORMATTED CONTENTS NOTE
Formatted contents note archives
650 ## - SUBJECT ADDED ENTRY--TOPICAL TERM
Topical Term Islam-Prophecy
942 ## - ADDED ENTRY ELEMENTS (KOHA)
Koha item type Books
700 1# -
-- Maudoodi, Abul Aala
Holdings
Collection code Home library Current library Date acquired Cost, normal purchase price Full call number Accession Number Koha item type
  Henry Martyn Institute Library Henry Martyn Institute Library 07/19/2007 100.00 297.24 MAU 06381 Books
                   Copyright © 2026 | Henry Martyn Institute | Hyderabad | TS-500052 | INDIA | Implemented by hmi.edu.in
Hit-Count:

Powered by Koha